| 000 | 00792nam a2200325Ia 4500 | ||
|---|---|---|---|
| 008 | 160803s9999 xx 000 0 und d | ||
| 020 | _a9780439164528 | ||
| 100 | _aKorman, Gordon | ||
| 245 | _aEscape / | ||
| 245 | _cGordon Korman. | ||
| 260 | _aNew York : | ||
| 260 | _bScholastic Inc. | ||
| 260 | _c2001 | ||
| 300 | _a132 pages ; | ||
| 300 | _c19 cm. | ||
| 440 | _aIsland ; | ||
| 440 | _vbk. 3. | ||
| 500 | _a"An Apple paperback." | ||
| 650 | _aAtomic bomb -- | ||
| 650 | _aIslands -- | ||
| 650 | _aRescues -- | ||
| 650 | _aShipwreck survival -- | ||
| 650 | _aSmugglers -- | ||
| 650 | _xJuvenile fiction. | ||
| 650 | _xJuvenile fiction. | ||
| 650 | _xJuvenile fiction. | ||
| 650 | _xJuvenile fiction. | ||
| 650 | _xJuvenile fiction. | ||
| 700 | _a620 | ||
| 999 |
_c298754 _d298754 |
||